[Event "Sunway Formentera op 3rd"]
[Site "Sant Ferran de ses Roques"]
[Date "2024.04.15"]
[Round "6"]
[White "Stark, John"]
[Black "Botez, Alexandra"]
[Result "1/2-1/2"]
[WhiteElo "1954"]
[BlackElo "1970"]
[PlyCount "121"]
[EventDate "2024.04.09"]
[EventType "swiss"]
[EventRounds "10"]
[EventCountry "ESP"]
[SourceTitle "CB17_2024"]
[SourceDate "2024.04.24"]
[SourceVersion "1"]
[SourceVersionDate "2024.04.24"]
[SourceQuality "1"]

1. d4 Nf6 2. c4 g6 3. Nc3 Bg7 4. e4 d6 5. h3 0-0 6. Bg5 c5 7. d5 a6 8. a4 Qa5 9. Bd3 e6 10. Nge2 exd5 11. exd5 Re8 12. 0-0 Nbd7 13. f4 h6 14. Bh4 Nh7 15. Qc2 Ndf8 16. f5 g5 17. Bg3 Be5 18. Ne4 Qc7 19. Bxe5 Rxe5 20. g4 Rb8 21. N2g3 f6 22. Nh5 Qe7 23. Rae1 Bd7 24. a5 b5 25. axb6 Rxb6 26. Qc3 Be8 27. Nhg3 Qb7 28. Nxd6 Rxd6 29. Rxe5 fxe5 30. Qxe5 Rd8 31. Ne4 Qb6 32. Qe7 Bf7 33. Rf2 Re8 34. Qxc5 Qxc5 35. Nxc5 a5 36. Ne6 Nd7 37. Rc2 Nhf6 38. Re2 Rc8 39. Nd4 Nc5 40. Nc6 Re8 41. Rxe8+ Bxe8 42. Bc2 Bxc6 43. dxc6 Na6 44. Kf2 Kf7 45. Ke3 Ke7 46. Kd4 h5 47. gxh5 Nxh5 48. Ke5 Nf6 49. Bd1 Nc7 50. Be2 Nce8 51. c5 Nc7 52. Kd4 Nfd5 53. Ke5 Nf6 54. Bf3 Nb5 55. Bd1 Nc7 56. Be2 Ncd5 57. Ba6 Nb4 58. Bb5 Nbd5 59. Ba6 Nb4 60. Bb5 Nbd5 61. Ba6 1/2-1/2

[Event "Reykjavik op"]
[Site "Reykjavik"]
[Date "2024.03.15"]
[Round "1"]
[White "Karamsetty, Jeevan"]
[Black "Stark, John"]
[Result "1-0"]
[WhiteElo "2187"]
[BlackElo "1947"]
[PlyCount "109"]
[EventDate "2024.03.15"]
[EventType "swiss"]
[EventRounds "9"]
[EventCountry "ISL"]
[SourceTitle "CB13_2024"]
[SourceDate "2024.03.27"]
[SourceVersion "1"]
[SourceVersionDate "2024.03.27"]
[SourceQuality "1"]

1. e4 e6 2. d3 d5 3. Nd2 Nf6 4. Ngf3 Nc6 5. c3 Bd6 6. Be2 0-0 7. 0-0 Re8 8. Qc2 e5 9. exd5 Nxd5 10. Nc4 Bf5 11. Ng5 Be7 12. Ne4 Qd7 13. a4 a5 14. Rd1 Rad8 15. Bf3 h6 16. Qb3 Be6 17. Qb5 b6 18. Ng3 Bg4 19. Bxg4 Qxg4 20. Re1 Qe6 21. d4 Bf6 22. f4 Qd7 23. fxe5 Bh4 24. Rf1 Bxg3 25. hxg3 Re6 26. Ne3 Nce7 27. Qe2 Nxe3 28. Bxe3 Nd5 29. Rf3 Rde8 30. Qc4 Kf8 31. Raf1 R8e7 32. Bc1 Kg8 33. Bd2 c6 34. Qb3 b5 35. Ra1 b4 36. cxb4 Nxb4 37. Qc4 Nd5 38. Qc5 Qa7 39. Rc1 Rb7 40. b3 Qb8 41. Rcf1 f6 42. exf6 Rxf6 43. Rxf6 Nxf6 44. Bf4 Qe8 45. Be5 Nd5 46. Rf3 Qg6 47. Qxa5 Qb1+ 48. Kh2 Kh7 49. Qa8 Rxb3 50. Rxb3 Qxb3 51. Qa7 Kg6 52. Qxg7+ Kf5 53. Qf7+ Ke4 54. a5 Qd1 55. a6 1-0

[Event "Titled Tuesday intern op 13th Feb Late"]
[Site "Chess.com INT"]
[Date "2024.02.13"]
[Round "7"]
[White "D'Arruda, Ricardo D"]
[Black "Stark, John"]
[Result "1-0"]
[WhiteElo "2271"]
[BlackElo "1911"]
[PlyCount "59"]
[EventDate "2024.02.13"]
[EventType "swiss (blitz)"]
[EventRounds "11"]
[EventCountry "USA"]
[SourceTitle "CB08_2024"]
[SourceDate "2024.02.21"]
[SourceVersion "1"]
[SourceVersionDate "2024.02.21"]
[SourceQuality "1"]

1. Nf3 d5 2. d4 Nf6 3. c4 e6 4. e3 Be7 5. Nc3 a6 6. cxd5 exd5 7. Bd3 0-0 8. 0-0 Bg4 9. h3 Bh5 10. Qb3 Bxf3 11. gxf3 Nc6 12. f4 Qd7 13. Kg2 b5 14. a3 Rab8 15. Qc2 Rb6 16. b4 h6 17. Bd2 Rfb8 18. Ne2 Nd8 19. Ng3 Bd6 20. Rac1 c6 21. Bf5 Qe7 22. Rg1 Kh8 23. Kh1 Ne6 24. Rg2 R6b7 25. Rcg1 Nc7 26. Qxc6 Na8 27. Qc2 Nb6 28. Bd3 Nc4 29. Nf5 Qd7 30. Rxg7 1-0

[Event "Titled Tuesday intern op 13th Feb Late"]
[Site "Chess.com INT"]
[Date "2024.02.13"]
[Round "5"]
[White "Stark, John"]
[Black "Clawitter, Craig"]
[Result "0-1"]
[WhiteElo "1911"]
[BlackElo "2050"]
[PlyCount "122"]
[EventDate "2024.02.13"]
[EventType "swiss (blitz)"]
[EventRounds "11"]
[EventCountry "USA"]
[SourceTitle "CB08_2024"]
[SourceDate "2024.02.21"]
[SourceVersion "1"]
[SourceVersionDate "2024.02.21"]
[SourceQuality "1"]

1. c4 e6 2. d4 d5 3. Nc3 Nf6 4. Bg5 dxc4 5. e4 c5 6. Nf3 b5 7. e5 h6 8. Bh4 g5 9. Nxg5 hxg5 10. Bxg5 Nbd7 11. a4 cxd4 12. Qxd4 Bc5 13. Qf4 Nh5 14. Qh4 Be7 15. Qe4 Bxg5 16. Qxa8 Nb6 17. Qc6+ Bd7 18. Qe4 a6 19. axb5 axb5 20. Be2 Qc7 21. 0-0 Bc6 22. Qg4 Qxe5 23. Rfe1 Nf6 24. Qg3 Bf4 25. Qg7 Bxh2+ 26. Kf1 Rh7 27. Bf3 Rxg7 28. Bxc6+ Ke7 29. Rxe5 Bxe5 30. Nxb5 Bxb2 31. Ra7+ Nfd7 32. Ke2 c3 33. Kd3 e5 34. Kc2 Ke6 35. Ra6 Nb8 36. Rxb6 Nxc6 37. Rxc6+ Kd5 38. Rc8 Rxg2 39. Nxc3+ Bxc3 40. Kxc3 Rxf2 41. Kd3 e4+ 42. Ke3 Rf3+ 43. Ke2 Rf6 44. Rd8+ Ke5 45. Ke3 Rf3+ 46. Ke2 f5 47. Re8+ Kf4 48. Rh8 Ra3 49. Rh4+ Ke5 50. Rh5 Ra2+ 51. Ke3 Ra3+ 52. Ke2 Kf4 53. Rh8 Ra2+ 54. Ke1 Ke3 55. Rh3+ Kd4 56. Kd1 f4 57. Rh8 f3 58. Rd8+ Ke3 59. Rb8 Ra1+ 60. Kc2 f2 61. Rb3+ Ke2 0-1

[Event "Titled Tuesday intern op 19th Sep Late"]
[Site "Chess.com INT"]
[Date "2023.09.19"]
[Round "1"]
[White "Stark, John"]
[Black "Bilan, Danila"]
[Result "1-0"]
[WhiteElo "1980"]
[BlackElo "2303"]
[PlyCount "83"]
[EventDate "2023.09.19"]
[EventType "swiss (blitz)"]
[EventRounds "11"]
[EventCountry "USA"]
[SourceTitle "EXT 2024"]
[Source "ChessBase"]
[SourceDate "2023.10.10"]
[SourceVersion "1"]
[SourceVersionDate "2023.10.10"]
[SourceQuality "1"]

1. c4 c6 2. e4 d5 3. cxd5 cxd5 4. exd5 Nf6 5. Bb5+ Bd7 6. Bc4 g6 7. Nc3 Bg7 8. Nge2 0-0 9. 0-0 a6 10. a4 Qc7 11. Qb3 Bg4 12. h3 Bc8 13. d4 Nbd7 14. Bf4 Qb6 15. a5 Qxb3 16. Bxb3 Ne8 17. Rac1 Ndf6 18. Na4 Bf5 19. Nb6 Rd8 20. Ng3 Bd3 21. Rfe1 Nd7 22. Nc8 Bxd4 23. Nxe7+ Kg7 24. Red1 Bf6 25. Nc6 bxc6 26. dxc6 Bb5 27. cxd7 Rxd7 28. Rxd7 Bxd7 29. Rc2 Bb5 30. Ne4 Bd4 31. Rd2 f6 32. Rxd4 f5 33. Be5+ Kh6 34. Nd6 Nxd6 35. Rxd6 Re8 36. f4 Rc8 37. Rd1 Rc6 38. Bd5 Rc5 39. b4 Rc2 40. Bf3 Ra2 41. Bd6 Rb2 42. Bf8# 1-0

[Event "Titled Tuesday intern op 19th Sep Late"]
[Site "Chess.com INT"]
[Date "2023.09.19"]
[Round "2"]
[White "Stark, John"]
[Black "Manukyan, Sargis A"]
[Result "1/2-1/2"]
[WhiteElo "1980"]
[BlackElo "2237"]
[PlyCount "116"]
[EventDate "2023.09.19"]
[EventType "swiss (blitz)"]
[EventRounds "11"]
[EventCountry "USA"]
[SourceTitle "EXT 2024"]
[Source "ChessBase"]
[SourceDate "2023.10.10"]
[SourceVersion "1"]
[SourceVersionDate "2023.10.10"]
[SourceQuality "1"]

1. c4 e6 2. d4 d5 3. Nf3 Nf6 4. cxd5 exd5 5. Bf4 Bd6 6. Bg3 0-0 7. Nc3 Nc6 8. e3 a6 9. Rc1 Ne7 10. Bd3 Bf5 11. Qc2 Bxd3 12. Qxd3 g6 13. Be5 Bxe5 14. Nxe5 Nf5 15. 0-0 c6 16. Na4 Nd6 17. Nc5 Nfe4 18. f3 Nxc5 19. Rxc5 f6 20. Ng4 Qe7 21. b3 Kg7 22. Re1 Rae8 23. Rc2 Qd7 24. Rce2 Re7 25. Nf2 Rfe8 26. Nd1 Re6 27. Nc3 f5 28. Na4 Qf7 29. Nc5 R6e7 30. a4 a5 31. Qc3 f4 32. e4 dxe4 33. Nxe4 Nxe4 34. Rxe4 Rxe4 35. Rxe4 Rxe4 36. fxe4 Qf6 37. Qc5 g5 38. Qb6 Kg6 39. e5 Qf5 40. Qd8 Qb1+ 41. Kf2 Qc2+ 42. Kf1 Qd1+ 43. Kf2 Qd2+ 44. Kf1 Kf5 45. Qf6+ Ke4 46. e6 Qc1+ 47. Kf2 Qb2+ 48. Kf1 Qb1+ 49. Kf2 Qa2+ 50. Kf1 Qa1+ 51. Kf2 Qa2+ 52. Kf1 Kd3 53. Qe5 Qb1+ 54. Kf2 Qc2+ 55. Kf1 Qc1+ 56. Kf2 Qc2+ 57. Kf1 Qc1+ 58. Kf2 Qc2+ 1/2-1/2

[Event "Titled Tuesday intern op 18th Jul Late"]
[Site "Chess.com INT"]
[Date "2023.07.18"]
[Round "2"]
[White "Rottenwohrer Suarez, Juan"]
[Black "Stark, John"]
[Result "0-1"]
[WhiteElo "2271"]
[BlackElo "1980"]
[PlyCount "68"]
[EventDate "2023.07.18"]
[EventType "swiss (blitz)"]
[EventRounds "11"]
[EventCountry "USA"]
[SourceTitle "EXT 2024"]
[Source "ChessBase"]
[SourceDate "2023.10.10"]
[SourceVersion "1"]
[SourceVersionDate "2023.10.10"]
[SourceQuality "1"]

1. e4 c6 2. d4 d5 3. exd5 cxd5 4. Bd3 Nc6 5. Ne2 g6 6. 0-0 Nh6 7. c3 Bg7 8. Bg5 f6 9. Be3 0-0 10. h3 Nf5 11. Nd2 Nxe3 12. fxe3 e5 13. Qb3 Bh6 14. Rf3 Na5 15. Qb5 e4 16. Nxe4 a6 17. Qc5 b6 18. Qd6 dxe4 19. Qxd8 Rxd8 20. Bxe4 Ra7 21. Rxf6 Bxe3+ 22. Kh1 Re7 23. Bd3 b5 24. Raf1 Nc4 25. b3 Nd2 26. Rd1 Bg5 27. Rf2 Bb7 28. Ng3 Re3 29. Rdxd2 Rxg3 30. Rd1 Rxh3+ 31. Kg1 Rg3 32. Kh2 Re3 33. Bf1 Rxc3 34. Kg1 Be3 0-1

[Event "Titled Tuesday intern op 18th Jul Late"]
[Site "Chess.com INT"]
[Date "2023.07.18"]
[Round "3"]
[White "Stark, John"]
[Black "Gavrilin, Roman"]
[Result "1/2-1/2"]
[WhiteElo "1980"]
[BlackElo "2156"]
[PlyCount "182"]
[EventDate "2023.07.18"]
[EventType "swiss (blitz)"]
[EventRounds "11"]
[EventCountry "USA"]
[SourceTitle "EXT 2024"]
[Source "ChessBase"]
[SourceDate "2023.10.10"]
[SourceVersion "1"]
[SourceVersionDate "2023.10.10"]
[SourceQuality "1"]

1. c4 e5 2. g3 Nf6 3. Bg2 Bc5 4. e3 a6 5. Nc3 d6 6. Nge2 0-0 7. d4 exd4 8. exd4 Ba7 9. 0-0 Nc6 10. h3 Bf5 11. Be3 Re8 12. g4 Bg6 13. Nf4 Be4 14. Nxe4 Nxe4 15. Rc1 Nf6 16. g5 Nd7 17. Rc3 Nf8 18. h4 Ng6 19. Nxg6 hxg6 20. Qg4 Qc8 21. Qf4 Qf5 22. Qxf5 gxf5 23. Rd1 f4 24. Bxc6 bxc6 25. Bxf4 Re4 26. Be3 Rxh4 27. Ra3 c5 28. Rxa6 cxd4 29. Bxd4 c5 30. Be3 Rg4+ 31. Kf1 Re4 32. Rdxd6 Re7 33. Kg2 Kh7 34. Rdc6 Rae8 35. Bxc5 Bxc5 36. Rxc5 Re2 37. Rf5 Kg8 38. b4 Rb2 39. a3 Re4 40. Ra8+ Kh7 41. Kg3 Rb3+ 42. Rf3 Rb1 43. Rxf7 Rg1+ 44. Kf3 Rxc4 45. Rf4 Rc3+ 46. Ke2 Rxg5 47. Raf8 Re5+ 48. Kd2 Rxa3 49. Rf3 Ra2+ 50. Kc3 Ra1 51. Kc4 Rc1+ 52. Kb3 Rb1+ 53. Ka4 Ra1+ 54. Kb3 Re4 55. Rc3 Rb1+ 56. Kc2 Rexb4 57. Rff3 R1b2+ 58. Kd3 Rb6 59. Ke3 Re6+ 60. Kd3 Rb4 61. Rh3+ Kg6 62. Re3 Rd6+ 63. Kc2 Ra4 64. Rg3+ Kf7 65. Rcf3+ Rf6 66. Rxf6+ gxf6 67. Rf3 Ra2+ 68. Kd1 Ra1+ 69. Ke2 Ra2+ 70. Kf1 Ke6 71. Kg2 f5 72. Re3+ Kf6 73. Rb3 Kg5 74. Rb5 Kf4 75. Rb4+ Kg5 76. Rb5 Kg4 77. Rb4+ f4 78. Rc4 Rb2 79. Ra4 Rb5 80. Rc4 Kf5 81. Kf3 Rb3+ 82. Kg2 Ra3 83. Rb4 Kg4 84. Rc4 Rd3 85. Rb4 Rd1 86. Rc4 Kg5 87. Kf3 Rd3+ 88. Ke4 Rd2 89. Kf3 Rd3+ 90. Ke4 Rd2 91. Kf3 Rd3+ 1/2-1/2

[Event "Titled Tuesday intern op 18th Jul Late"]
[Site "Chess.com INT"]
[Date "2023.07.18"]
[Round "5"]
[White "Stark, John"]
[Black "Rastbod, Ali"]
[Result "0-1"]
[WhiteElo "1980"]
[BlackElo "2256"]
[PlyCount "90"]
[EventDate "2023.07.18"]
[EventType "swiss (blitz)"]
[EventRounds "11"]
[EventCountry "USA"]
[SourceTitle "EXT 2024"]
[Source "ChessBase"]
[SourceDate "2023.10.10"]
[SourceVersion "1"]
[SourceVersionDate "2023.10.10"]
[SourceQuality "1"]

1. c4 e5 2. Nc3 Bb4 3. Nd5 a5 4. Nxb4 axb4 5. a3 Nf6 6. d4 exd4 7. Qxd4 0-0 8. Nf3 Nc6 9. Qh4 d5 10. Bg5 dxc4 11. Qxc4 Be6 12. Qc2 bxa3 13. Rxa3 Rxa3 14. bxa3 Nd4 15. Qb2 c5 16. e3 Nxf3+ 17. gxf3 Qa5+ 18. Qd2 Qxa3 19. Bxf6 gxf6 20. Be2 Qa1+ 21. Bd1 Bb3 22. 0-0 Bxd1 23. Rxd1 Qe5 24. Qd7 Rb8 25. Rd5 Qe6 26. Qxe6 fxe6 27. Rxc5 b5 28. Rc2 e5 29. Kg2 Kf7 30. Kg3 b4 31. f4 b3 32. Rb2 Ke6 33. e4 Kd6 34. Kg4 Kc5 35. Kf5 exf4 36. Kxf4 Kd4 37. Kf5 Rb5+ 38. Kxf6 Kxe4 39. h4 h5 40. Kg6 Kf3 41. Kh6 Kg4 42. Kg6 Rb6+ 43. Kh7 Kxh4 44. f4 Kg4 45. f5 Kxf5 0-1

[Event "Titled Tuesday intern op 18th Jul Late"]
[Site "Chess.com INT"]
[Date "2023.07.18"]
[Round "6"]
[White "Stark, John"]
[Black "Zhang, Derek"]
[Result "0-1"]
[WhiteElo "1980"]
[BlackElo "2186"]
[PlyCount "126"]
[EventDate "2023.07.18"]
[EventType "swiss (blitz)"]
[EventRounds "11"]
[EventCountry "USA"]
[SourceTitle "EXT 2024"]
[Source "ChessBase"]
[SourceDate "2023.10.10"]
[SourceVersion "1"]
[SourceVersionDate "2023.10.10"]
[SourceQuality "1"]

1. c4 d6 2. Nc3 e5 3. g3 f5 4. Bg2 Nf6 5. e3 g6 6. Nge2 Bg7 7. d4 e4 8. h4 0-0 9. Nf4 Qe7 10. Rb1 a5 11. a3 c6 12. b4 axb4 13. axb4 Nbd7 14. b5 c5 15. Ncd5 Nxd5 16. Nxd5 Qf7 17. Bb2 cxd4 18. exd4 Nf6 19. Nb6 Rb8 20. Ba3 Rd8 21. 0-0 Bf8 22. Qc1 Nd7 23. Nd5 Nf6 24. Nb6 Nd7 25. Nd5 b6 26. Rd1 Nf6 27. Nf4 Bd7 28. Bf1 Rdc8 29. Qb2 Ra8 30. Bb4 h6 31. Ra1 g5 32. hxg5 hxg5 33. Nh3 Qg6 34. Rxa8 Rxa8 35. Ra1 Rxa1 36. Qxa1 f4 37. Qa8 fxg3 38. Bxd6 gxf2+ 39. Nxf2 Qe8 40. Qxe8 Bxe8 41. Be5 Be7 42. c5 bxc5 43. dxc5 e3 44. Nh3 Ng4 45. Bd4 Kf7 46. Bc4+ Kg6 47. c6 Bd6 48. Bd3+ Kh5 49. Be2 Kh4 50. Kg2 Be5 51. Bxe5 Nxe5 52. c7 Bd7 53. Ng1 g4 54. b6 Bc8 55. Bxg4 Kxg4 56. Ne2 Bb7+ 57. Kf1 Nd7 58. Nd4 Nxb6 59. Ne6 Kf3 60. Ng5+ Kf4 61. Nf7 Ba6+ 62. Ke1 Nd5 63. Nd6 Nxc7 0-1

[Event "Titled Tuesday intern op 11th Jul Late"]
[Site "Chess.com INT"]
[Date "2023.07.11"]
[Round "4"]
[White "Stark, John"]
[Black "Leon Oquendo, Jorge L"]
[Result "0-1"]
[WhiteElo "1980"]
[BlackElo "2362"]
[PlyCount "36"]
[EventDate "2023.07.11"]
[EventType "swiss (blitz)"]
[EventRounds "11"]
[EventCountry "USA"]
[SourceTitle "EXT 2024"]
[Source "ChessBase"]
[SourceDate "2023.10.10"]
[SourceVersion "1"]
[SourceVersionDate "2023.10.10"]
[SourceQuality "1"]

1. c4 e5 2. Nc3 Nf6 3. g3 Bb4 4. Qc2 0-0 5. Bg2 Re8 6. e3 Bxc3 7. Qxc3 d5 8. Ne2 d4 9. Qb3 Nc6 10. d3 Bg4 11. e4 Bxe2 12. Kxe2 a5 13. Bd2 a4 14. Qxb7 Qd7 15. Qb5 Reb8 16. Qc5 Rxb2 17. h3 a3 18. g4 Ra5 0-1

[Event "Titled Tuesday intern op 27th Jun Late"]
[Site "Chess.com INT"]
[Date "2023.06.27"]
[Round "1"]
[White "Stark, John"]
[Black "Isajevsky, Anton"]
[Result "0-1"]
[WhiteElo "1980"]
[BlackElo "2403"]
[PlyCount "44"]
[EventDate "2023.06.27"]
[EventType "swiss (blitz)"]
[EventRounds "11"]
[EventCountry "USA"]
[SourceTitle "EXT 2024"]
[Source "ChessBase"]
[SourceDate "2023.10.10"]
[SourceVersion "1"]
[SourceVersionDate "2023.10.10"]
[SourceQuality "1"]

1. c4 e6 2. d4 d5 3. Nf3 Nf6 4. Nc3 Be7 5. cxd5 exd5 6. Bf4 c6 7. e3 Bf5 8. Bd3 Bxd3 9. Qxd3 Nbd7 10. 0-0 0-0 11. Rab1 a5 12. a3 Re8 13. b4 axb4 14. axb4 b5 15. Ne5 Nxe5 16. Bxe5 Nd7 17. Bg3 Nb6 18. e4 Ra3 19. exd5 Nxd5 20. Rfc1 Bxb4 21. Rxb4 Nxb4 22. Qf5 Rxc3 0-1

[Event "Titled Tuesday intern op 20th Jun Late"]
[Site "Chess.com INT"]
[Date "2023.06.20"]
[Round "1"]
[White "Stark, John"]
[Black "Domingo Nunez, Ruben"]
[Result "0-1"]
[WhiteElo "1980"]
[BlackElo "2412"]
[PlyCount "43"]
[EventDate "2023.06.20"]
[EventType "swiss (blitz)"]
[EventRounds "11"]
[EventCountry "USA"]
[SourceTitle "EXT 2024"]
[Source "ChessBase"]
[SourceDate "2023.10.10"]
[SourceVersion "1"]
[SourceVersionDate "2023.10.10"]
[SourceQuality "1"]

1. c4 g6 2. g3 Bg7 3. Bg2 d6 4. e3 Nf6 5. Ne2 0-0 6. Nbc3 Nbd7 7. d4 c5 8. 0-0 Rb8 9. a4 b6 10. h3 Ne8 11. b3 Nc7 12. Bb2 a6 13. d5 b5 14. axb5 axb5 15. Qd2 bxc4 16. bxc4 Ne5 17. Ra4 Bd7 18. Nb5 Nxb5 19. Bxe5 Bxe5 20. cxb5 Bxb5 21. Ra7 Bf6 22. Rfa1 0-1

[Event "Titled Tuesday intern op 30th May Late"]
[Site "Chess.com INT"]
[Date "2023.05.30"]
[Round "1"]
[White "Baziuk, Vladyslav"]
[Black "Stark, John"]
[Result "1-0"]
[WhiteElo "2201"]
[BlackElo "1980"]
[PlyCount "62"]
[EventDate "2023.05.30"]
[EventType "swiss (blitz)"]
[EventRounds "11"]
[EventCountry "USA"]
[SourceTitle "CBM 214 Extra"]
[Source "ChessBase"]
[SourceDate "2023.07.31"]
[SourceVersion "1"]
[SourceVersionDate "2023.07.31"]
[SourceQuality "1"]

1. d4 Nf6 2. c4 e6 3. Nf3 b6 4. g3 Ba6 5. b3 Bb7 6. Bg2 Bb4+ 7. Bd2 Bxd2+ 8. Nbxd2 0-0 9. 0-0 d5 10. Qc2 Nbd7 11. e3 c5 12. Rfd1 Qe7 13. Rac1 Rfc8 14. dxc5 Nxc5 15. Nd4 dxc4 16. Qxc4 Bxg2 17. Kxg2 Qb7+ 18. Kg1 Nce4 19. Qd3 Rxc1 20. Rxc1 Rc8 21. Rxc8+ Qxc8 22. Nxe4 Qc1+ 23. Kg2 Nd5 24. Nf3 h6 25. h4 a5 26. Nd6 Nb4 27. Qb5 Qc7 28. Qe8+ Kh7 29. Nxf7 Nc2 30. Qh8+ Kg6 31. N7e5+ Kf6 1-0

[Event "Titled Tuesday intern op 30th May Late"]
[Site "Chess.com INT"]
[Date "2023.05.30"]
[Round "6"]
[White "Liu, Casper Yukun"]
[Black "Stark, John"]
[Result "1-0"]
[WhiteElo "2278"]
[BlackElo "1980"]
[PlyCount "65"]
[EventDate "2023.05.30"]
[EventType "swiss (blitz)"]
[EventRounds "11"]
[EventCountry "USA"]
[SourceTitle "CBM 214 Extra"]
[Source "ChessBase"]
[SourceDate "2023.07.31"]
[SourceVersion "1"]
[SourceVersionDate "2023.07.31"]
[SourceQuality "1"]

1. a3 d5 2. d4 Bf5 3. Nf3 e6 4. c4 c6 5. c5 Nd7 6. Nc3 Qc7 7. g3 e5 8. b4 e4 9. Bf4 Qc8 10. Nh4 Bg4 11. f3 exf3 12. exf3 Be6 13. Bd3 g6 14. 0-0 Be7 15. Re1 Bxh4 16. gxh4 h5 17. Ne2 Ngf6 18. Bd6 Kd8 19. Nf4 Nf8 20. Qe2 Qd7 21. Qe5 N8h7 22. Bxg6 Rg8 23. Kh1 Re8 24. Bxh7 Nxh7 25. Qxh5 Nf8 26. Re5 Kc8 27. Rae1 a5 28. Bxf8 Rxf8 29. Nxe6 fxe6 30. Rxe6 axb4 31. Re8+ Rxe8 32. Rxe8+ Kc7 33. Qe5+ 1-0

[Event "Titled Tuesday intern op 30th May Late"]
[Site "Chess.com INT"]
[Date "2023.05.30"]
[Round "7"]
[White "Stark, John"]
[Black "Remolar Gallen, Jose"]
[Result "1-0"]
[WhiteElo "1980"]
[BlackElo "2285"]
[PlyCount "59"]
[EventDate "2023.05.30"]
[EventType "swiss (blitz)"]
[EventRounds "11"]
[EventCountry "USA"]
[SourceTitle "CBM 214 Extra"]
[Source "ChessBase"]
[SourceDate "2023.07.31"]
[SourceVersion "1"]
[SourceVersionDate "2023.07.31"]
[SourceQuality "1"]

1. d4 Nf6 2. c4 g6 3. Nc3 Bg7 4. g3 d6 5. Bg2 0-0 6. Nf3 Nc6 7. 0-0 a6 8. e4 Bg4 9. Be3 Qd7 10. Re1 Rab8 11. Qd2 b5 12. cxb5 axb5 13. a3 Na5 14. e5 Ne8 15. Qc2 Bf5 16. Qd1 Nc4 17. Bc1 dxe5 18. dxe5 Qxd1 19. Rxd1 Nxe5 20. Bf4 Nxf3+ 21. Bxf3 Nd6 22. Nd5 Bxb2 23. Ra2 Bf6 24. Nxc7 Rfd8 25. Nd5 Be6 26. Nxf6+ Kg7 27. Nd5 Rb7 28. Rad2 Ra7 29. Be5+ f6 30. Bb2 1-0

[Event "Titled Tuesday intern op 23rd May Late"]
[Site "Chess.com INT"]
[Date "2023.05.23"]
[Round "2"]
[White "Filgueira, Hernan"]
[Black "Stark, John"]
[Result "1-0"]
[WhiteElo "2283"]
[BlackElo "1980"]
[PlyCount "131"]
[EventDate "2023.05.23"]
[EventType "swiss (blitz)"]
[EventRounds "11"]
[EventCountry "USA"]
[SourceTitle "EXT 2024"]
[Source "ChessBase"]
[SourceDate "2023.10.10"]
[SourceVersion "1"]
[SourceVersionDate "2023.10.10"]
[SourceQuality "1"]

1. c4 e5 2. Nc3 Bb4 3. Nd5 Be7 4. e3 Nc6 5. a3 a5 6. Qc2 Nf6 7. Nf3 d6 8. b3 Bg4 9. Be2 Nxd5 10. cxd5 Nb8 11. Bb2 Nd7 12. d3 0-0 13. h3 Bh5 14. g4 Bg6 15. h4 e4 16. dxe4 Nc5 17. Nd2 Bxh4 18. Kf1 Re8 19. f3 Bf6 20. Kg2 Qe7 21. Bd4 b6 22. Qb2 Bxd4 23. exd4 Nd7 24. Bb5 Rf8 25. Qc3 Rac8 26. Rae1 Nf6 27. Qe3 Nd7 28. Qf4 Nb8 29. Nf1 c6 30. dxc6 Nxc6 31. Qd2 Qf6 32. Rd1 Rfd8 33. Ne3 Ne7 34. Rc1 Qf4 35. Nc4 Qxd2+ 36. Nxd2 d5 37. e5 Rxc1 38. Rxc1 Rc8 39. Rxc8+ Nxc8 40. b4 h5 41. gxh5 Bxh5 42. bxa5 bxa5 43. Nb3 a4 44. Bxa4 Nb6 45. Bb5 Nc4 46. a4 f6 47. exf6 gxf6 48. a5 Ne3+ 49. Kf2 Nc4 50. a6 Nb6 51. a7 Kf8 52. Bc6 Be8 53. a8Q Nxa8 54. Bxa8 Bf7 55. Bc6 Ke7 56. Bb5 Kd6 57. Bd3 Be6 58. Nc5 Bf7 59. Ke3 Bh5 60. Kf4 Ke7 61. Bc2 Be8 62. Bb3 Kd6 63. Nd3 Bh5 64. Nb4 Bf7 65. Kf5 Bh5 66. f4 1-0

[Event "Titled Tuesday intern op 23rd May Late"]
[Site "Chess.com INT"]
[Date "2023.05.23"]
[Round "5"]
[White "Stark, John"]
[Black "Estrada Nieto, Julian"]
[Result "1-0"]
[WhiteElo "1980"]
[BlackElo "2215"]
[PlyCount "97"]
[EventDate "2023.05.23"]
[EventType "swiss (blitz)"]
[EventRounds "11"]
[EventCountry "USA"]
[SourceTitle "EXT 2024"]
[Source "ChessBase"]
[SourceDate "2023.10.10"]
[SourceVersion "1"]
[SourceVersionDate "2023.10.10"]
[SourceQuality "1"]

1. c4 e5 2. Nc3 Nf6 3. g3 d5 4. cxd5 Nxd5 5. Bg2 Nb6 6. Nf3 Nc6 7. 0-0 Be7 8. d3 0-0 9. a3 a5 10. Be3 Re8 11. Rc1 Bf8 12. Nb5 Nd5 13. Bc5 Bg4 14. h3 Bh5 15. Qb3 a4 16. Qa2 Ra5 17. Bxf8 Rxb5 18. Bc5 b6 19. Nd2 Nce7 20. Bxe7 Nxe7 21. g4 Bg6 22. Ne4 Nd5 23. Nc3 Nxc3 24. Rxc3 c5 25. Bc6 Ra5 26. Bxe8 Qxe8 27. Qd5 Kh8 28. e4 f6 29. f4 exf4 30. Rxf4 Bf7 31. Qb7 Rb5 32. Rf2 h6 33. Qc7 Qe6 34. e5 fxe5 35. Qxf7 Qxf7 36. Rxf7 Rxb2 37. Ra7 b5 38. Rxc5 Rb3 39. Rxe5 Rxd3 40. Rxb5 Rxa3 41. Kg2 Ra2+ 42. Kg3 a3 43. Rb8+ Kh7 44. Rbb7 Kg6 45. Rxg7+ Kf6 46. Rh7 Kg6 47. Rhb7 Ra1 48. Rb6+ Kg5 49. Ra5# 1-0

[Event "Titled Tuesday intern op 23rd May Late"]
[Site "Chess.com INT"]
[Date "2023.05.23"]
[Round "1"]
[White "Stark, John"]
[Black "Rosen, Eric S"]
[Result "0-1"]
[WhiteElo "1980"]
[BlackElo "2349"]
[PlyCount "170"]
[EventDate "2023.05.23"]
[EventType "swiss (blitz)"]
[EventRounds "11"]
[EventCountry "USA"]
[SourceTitle "EXT 2024"]
[Source "ChessBase"]
[SourceDate "2023.10.10"]
[SourceVersion "1"]
[SourceVersionDate "2023.10.10"]
[SourceQuality "1"]

1. d4 d5 2. c4 e6 3. Nf3 Nf6 4. Nc3 Nbd7 5. cxd5 exd5 6. Bf4 Bb4 7. e3 Ne4 8. Rc1 c5 9. Bd3 Ndf6 10. 0-0 Bxc3 11. bxc3 c4 12. Bb1 0-0 13. Nd2 Bf5 14. f3 Nxd2 15. Qxd2 Bg6 16. Bg5 h6 17. Bxf6 Qxf6 18. Bxg6 Qxg6 19. Rb1 Rab8 20. Rb5 Qc6 21. Rfb1 b6 22. a4 a6 23. R5b4 Rb7 24. Qc2 Rfb8 25. e4 Qg6 26. Qe2 Qe6 27. R1b2 Re8 28. e5 Reb8 29. Qc2 b5 30. f4 Qg4 31. Qc1 Rb6 32. axb5 axb5 33. Rf2 Qf5 34. Qb1 Qxb1+ 35. Rxb1 b4 36. Rxb4 Rxb4 37. cxb4 Rxb4 38. Rc2 Rb1+ 39. Kf2 Rd1 40. Ke3 Rd3+ 41. Ke2 Rxd4 42. g3 g6 43. Ra2 Rd3 44. Ra8+ Kg7 45. Rc8 Rc3 46. Rc7 Kf8 47. Rc8+ Ke7 48. Rc7+ Ke6 49. Rc6+ Ke7 50. Rc7+ Ke8 51. Rc8+ Kd7 52. Rf8 Ke7 53. Rc8 d4 54. Rc7+ Ke8 55. Rc8+ Kd7 56. Rf8 Ke7 57. Rc8 d3+ 58. Kd2 Rc2+ 59. Kd1 c3 60. Rc6 Rd2+ 61. Kc1 Rc2+ 62. Kd1 h5 63. Rd6 Rd2+ 64. Kc1 f6 65. Rc6 Rc2+ 66. Kd1 fxe5 67. fxe5 g5 68. Rd6 Rd2+ 69. Kc1 g4 70. Rc6 Rc2+ 71. Kd1 Kf7 72. Rd6 Rd2+ 73. Kc1 Ke8 74. Rc6 Rc2+ 75. Kd1 Ke7 76. Rd6 Rd2+ 77. Kc1 Rxh2 78. Rxd3 c2 79. Rc3 Ke6 80. Kb2 Kxe5 81. Rc5+ Ke4 82. Rc4+ Kd5 83. Rf4 Ke5 84. Rf8 Ke4 85. Kc1 Rg2 0-1